Statistics for U.S. College Towns #1

Click here to take the quiz!

General Stats

  • This quiz has been taken 14,598 times
  • The average score is 14 of 24

Answer Stats

SchoolCity% Correct
TexasAustin
81%
ColumbiaNew York City
80%
MichiganAnn Arbor
76%
USCLos Angeles
76%
GeorgetownWashington, DC
75%
DukeDurham
70%
WisconsinMadison
69%
TulaneNew Orleans
64%
ColoradoBoulder
62%
HarvardCambridge, MA
60%
Johns HopkinsBaltimore
60%
Vanderbilt Nashville
57%
North CarolinaChapel Hill
56%
Notre DameSouth Bend
55%
MorehouseAtlanta
54%
Carnegie MellonPittsburgh
52%
YaleNew Haven, CT
52%
Brigham YoungProvo
51%
GeorgiaAthens
49%
BaylorWaco
47%
NorthwesternEvanston, IL
38%
KansasLawrence
33%
Case WesternCleveland
31%
Oregon StateCorvallis
27%

Score Distribution

Percentile by Number Answered

Percent of People with Each Score

Your Score History

You have not taken this quiz